Conciliación y arbitraje / (Record no. 65723)

MARC details
000 -LEADER
campo de control de longitud fija 00695nam a2200205 i 4500
001 - NÚMERO DE CONTROL
campo de control 65723
003 - IDENTIFICADOR DE NÚMERO DE CONTROL
campo de control ES-MaACL
005 - FECHA Y HORA DE LA ÚLTIMA TRANSACCIÓN
campo de control 20250828030051.0
007 - CAMPO FIJO DE DESCRIPCIÓN FÍSICA--INFORMACIÓN GENERAL
campo de control de longitud fija t|
008 - DATOS DE LONGITUD FIJA--INFORMACIÓN GENERAL
campo de control de longitud fija 040121q19111930sp ||||1| spa d
100 1# - ENTRADA PRINCIPAL--NOMBRE DE PERSONA
Nombre de persona Fromont de Bouaille, C. de.
9 (RLIN) 52733
245 10 - MENCIÓN DEL TÍTULO
Título Conciliación y arbitraje /
Mención de responsabilidad, etc. C. de Fromont de Bouaille ; versión española por Carlos Frontaura.
260 ## - PUBLICACIÓN, DISTRIBUCIÓN, ETC.
Lugar de publicación, distribución, etc. Madrid :
Nombre del editor, distribuidor, etc. Saturnino Calleja,
Fecha de publicación, distribución, etc. [191--?]
300 ## - DESCRIPCIÓN FÍSICA
Extensión 282 p. ;
Dimensiones 20 cm.
490 1# - MENCIÓN DE SERIE
Mención de serie Ciencia y acción. Estudios sociales
700 0# - ENTRADA AGREGADA--NOMBRE PERSONAL
Nombre de persona Frontaura, Carlos,
Fechas asociadas al nombre 1834-1910
9 (RLIN) 52739
830 00 - PUNTO DE ACCESO ADICIONAL DE SERIE-TÍTULO UNIFORME
Título uniforme Ciencia y acción.
Nombre de parte o sección de la obra Estudios sociales
9 (RLIN) 187220
852 ## - LOCALIZACIÓN
Ubicación ES-MaACL
Número de control de estantería F-1691
Holdings
Estatus retirado Estado de pérdida Estado de daño No para préstamo Biblioteca de origen Biblioteca actual Ubicación en estantería Fecha de adquisición Fuente de adquisición Total de préstamos Signatura topográfica completa Código de barras Visto por última vez Precio de reemplazo Tipo de ítem Koha
        Biblioteca del Ateneo de Madrid Biblioteca del Ateneo de Madrid Depósito 2 17/01/2008     F-1691 1068855 23/02/2023 23/02/2023 Libro impreso